[Event "EIWCC 2017"]
[Site "Riga"]
[Date "2017.04.19"]
[Round "8"]
[White "Muzychuk, Mariya"]
[Black "Zawadzka, Jolanta"]
[Result "1-0"]
[WhiteElo "2546"]
[BlackElo "2449"]
[Annotator "TA"]
[PlyCount "116"]
[EventDate "2017.??.??"]
[EventType "swiss"]
[EventCountry "LAT"]
[SourceTitle "playchess.com"]
[Source "ChessBase"]
[SourceQuality "1"]
[TimeControl "5400+30"]

{[%evp 8,110,15,32767,15,32767,32767,32767,-4,6,-2,-11,0,-24,-22,-16,-18,-50,-47,-47,-54,-38,-36,-77,-60,32767,-59,-63,-61,-66,-18,-20,32767,32767,0,-16,-18,32767,32767,-14,0,32767,32767,32767,0,-13,-2,32767,-127,32767,32767,32767,32767,32767,32767,32767,32767,-239,32767,32767,32767,32767,-225,-242,-253,-260,-247,32767,32767,-252,-125,32767,-191,-174,-109,-103,0,-187,32767,-245,-229,-226,-224,32767,-338,-332,-352,32767,-410,-489,-468,-475,32767,32767,-653,-744,32767,-1472,-1387,32767,-5497,-29967,32767,-29964,-29977]} 1. d4 {[%emt 0:00:00]} d5 {[%emt 0:00:06]} 2. Bf4 {[%emt 0:00:00]} c5 {[%emt 0:00:39]} 3. e3 {[%emt 0:00:00]} Nf6 {[%emt 0:00:23]} 4. c3 {[%emt 0:01:21]} Nc6 {[%emt 0:00:07]} 5. Nd2 {[%emt 0:00:30] D00: 1 d4 d5: Unusual lines} cxd4 {[%emt 0:00:12]} (5... e6 6. Ngf3 Bd6 7. Bg3 O-O 8. Bb5 a6 9. Bxc6 bxc6 10. Qa4 Rb8 11. Qa3 Bxg3 12. hxg3 cxd4 13. cxd4 a5 14. O-O Qb6 15. b3 Ba6 {1-0 (24) Carlsen,M (2840)-Anand,V (2779) Doha 2016}) 6. exd4 {[%emt 0:00:38]} Bf5 {[%emt 0:00:22]} 7. Ngf3 {[%emt 0:00:47]} e6 {[%emt 0:00:46]} 8. Be2 {[%emt 0:01:36] LiveBook: 10 Games} Bd6 {[%emt 0:05:14]} 9. Bg3 {[%emt 0:02:04]} h6 $146 {[%emt 0:02:49]} (9... O-O 10. O-O Bxg3 11. hxg3 a6 12. Nh4 Bg6 13. Nxg6 hxg6 {1-0 (44) Purtseladze,M (2347)-Gaponenko,I (2411) Doha 2016}) 10. O-O {[%emt 0:00:58]} Bxg3 {[%emt 0:01:07]} 11. hxg3 {[%emt 0:00:48]} O-O {[%emt 0:02:05]} 12. Ne5 {[%emt 0:03:19]} Nxe5 {[%emt 0:03:02]} 13. dxe5 {[%emt 0:01:06]} Nd7 {[%emt 0:00:07]} 14. Nf3 {[%emt 0:01:00]} Qb6 {[%emt 0:08:40]} 15. b3 {[%emt 0:19:34]} Be4 {[%emt 0:10:00]} 16. Re1 {[%emt 0:05:36]} Rac8 {[%emt 0:05:19]} 17. Rc1 {[%emt 0:15:20]} Qa5 {[%emt 0:12:13]} 18. Qd2 {[%emt 0:04:06]} Rfd8 {[%emt 0:01:39]} (18... Bxf3 $17 19. Bxf3 Rc7) 19. Bf1 {[%emt 0:05:43]} a6 {[%emt 0:04:04]} 20. Nd4 {[%emt 0:04:57]} b5 {[%emt 0:09:46]} 21. f3 {[%emt 0:01:32]} Bh7 {[%emt 0:01:37]} 22. f4 {[%emt 0:02:00]} Qb6 {[%emt 0:00:55]} 23. b4 {[%emt 0:03:49]} Qa7 {[%emt 0:02:24]} 24. Qf2 {[%emt 0:03:13]} Rc7 25. g4 {[%emt 0:01:29]} Rdc8 {[%emt 0:04:10]} 26. Qe3 {[%emt 0:02:48]} Be4 {[%emt 0:01:35]} 27. Be2 {[%emt 0:04:53] [#]} Nb6 $1 {[%emt 0:01:57]} 28. Bf3 {[%emt 0:00:39]} Bxf3 {[%emt 0:00:59]} 29. Nxf3 {[%emt 0:09:17]} Na4 {[%emt 0:00:23]} 30. Qxa7 {[%emt 0:00:24]} Rxa7 {[%emt 0:00:04]} 31. f5 {[%emt 0:01:11]} Nxc3 {[%emt 0:00:56]} 32. Nd4 {[%emt 0:01:05]} Rac7 {[%emt 0:01:07]} 33. fxe6 {[%emt 0:01:36]} fxe6 {[%emt 0:00:58]} 34. Kh2 {[%emt 0:00:16]} Nxa2 {[%emt 0:02:35]} 35. Rxc7 {[%emt 0:01:44]} Rxc7 {[%emt 0:00:04]} 36. Nxe6 {[%emt 0:00:06]} Re7 {[%emt 0:00:52]} 37. Nd4 {[%emt 0:00:57]} Nxb4 {[%emt 0:01:30]} 38. e6 {[%emt 0:00:28]} g6 {[%emt 0:01:25]} ({Black should play} 38... Nd3 $19 39. Re2 Nc5) 39. Kg3 {[%emt 0:01:07]} Kg7 {[%emt 0:01:04]} 40. Re3 {[%emt 0:00:50]} Re8 {[%emt 0:05:21]} 41. Rf3 {[%emt 0:00:40]} Re7 {[%emt 0:01:39]} (41... g5 $17 42. Nf5+ Kg6) 42. Re3 {[%emt 0:00:04]} Kf6 $19 {[%emt 0:01:15] ...Rc7 is the strong threat.} 43. Kf4 {[%emt 0:00:48]} (43. Rb3 $142 a5 44. Ra3) 43... a5 {[%emt 0:00:52]} 44. Kg3 {[%emt 0:00:47]} a4 {[%emt 0:02:05]} 45. Nxb5 {[%emt 0:00:33]} Rxe6 {[%emt 0:00:22]} 46. Ra3 {[%emt 0:00:27]} Ra6 {[%emt 0:01:47]} 47. Nc3 {[%emt 0:00:33]} d4 {[%emt 0:00:23]} 48. Ne4+ {[%emt 0:00:36]} Ke5 {[%emt 0:00:51]} 49. Nc5 {[%emt 0:00:05]} Ra5 {[%emt 0:00:59]} 50. Rxa4 {[%emt 0:00:35]} Rxa4 {[%emt 0:00:40]} 51. Nxa4 {[%emt 0:00:01]} Ke4 {[%emt 0:00:21]} 52. Nc5+ {[%emt 0:00:21]} Ke3 {[%emt 0:00:12]} 53. g5 {[%emt 0:00:37]} h5 {[%emt 0:00:21]} 54. Nb3 {[%emt 0:00:44]} d3 {[%emt 0:00:09]} 55. Kh4 {[%emt 0:00:10]} d2 {[%emt 0:00:44]} 56. Nxd2 {[%emt 0:00:06]} Kxd2 {[%emt 0:00:04]} 57. g4 {[%emt 0:00:08]} hxg4 {[%emt 0:00:05]} 58. Kxg4 {[%emt 0:00:03]} Ke3 {[%emt 0:00:06]} 1-0

[Event "EIWCC 2017"]
[Site "Riga"]
[Date "2017.04.19"]
[Round "8"]
[White "Dzagnidze, Nana"]
[Black "Danielian, Elina"]
[Result "1-0"]
[WhiteElo "2528"]
[BlackElo "2437"]
[Annotator "TA"]
[PlyCount "59"]
[EventDate "2017.??.??"]
[EventType "swiss"]
[EventCountry "LAT"]
[SourceTitle "playchess.com"]
[Source "ChessBase"]
[SourceQuality "1"]

{[%evp 18,59,23,24,26,-5,26,11,14,15,19,11,10,26,15,1,4,0,0,0,0,0,0,0,0,0,5,0,0,-22,0,0,0,0,0,0,8,4,4,0,0,0,0,0]} 1. e4 e5 2. Nf3 Nc6 3. Bc4 Bc5 4. O-O Nf6 5. d3 d6 6. c3 a6 7. a4 h6 8. Na3 {[%cal Bb1a3,Ba3c2,Bc2e3,Be3c4][%mdl 32] C54: Giuoco Piano: 4 c3 Nf6, main lines with 5 d4 and 5 d3} (8. Re1 O-O 9. b4 Ba7 10. Nbd2 Ne7 11. d4 Ng6 12. h3 exd4 13. cxd4 d5 14. exd5 Nxd5 15. b5 axb5 16. axb5 {0-1 (38) Fressinet,L (2676)-Inarkiev,E (2732) Germany 2017}) 8... O-O 9. Nc2 Ba7 10. Be3 {LiveBook: 17 Games. White has an edge.} Be6 11. Bxa7 {[#] And now Bxe6 would win.} Rxa7 $146 (11... Bxc4 12. dxc4 Rxa7 13. Qd3 Ra8 14. Ne3 Nd7 {0-1 (51) Schachinger,M (2445)-Schnider,G (2384) Austria 2017}) 12. Ne3 Bxc4 13. Nxc4 a5 14. Re1 Re8 15. Qb3 Qd7 16. Rad1 {The position is equal.} Raa8 17. Ne3 b6 18. Nd5 Nxd5 19. exd5 Ne7 20. d4 Ng6 21. dxe5 dxe5 22. Qc4 Rad8 23. g3 Re7 24. Nh4 Nxh4 25. Qxh4 Rde8 26. Qc4 e4 27. Rd4 {[%cal Rd4e4]} e3 {[#] Hoping for ...exf2+.} 28. Rxe3 Rxe3 29. fxe3 Rxe3 30. Re4 1-0

[Event "EIWCC 2017"]
[Site "Riga"]
[Date "2017.04.19"]
[Round "8"]
[White "Batsiashvili, Nino"]
[Black "Khotenashvili, Bela"]
[Result "1/2-1/2"]
[WhiteElo "2496"]
[BlackElo "2445"]
[Annotator "TA"]
[PlyCount "81"]
[EventDate "2017.??.??"]
[EventType "swiss"]
[EventCountry "LAT"]
[SourceTitle "playchess.com"]
[Source "ChessBase"]
[SourceQuality "1"]

{[%evp 23,81,29,34,29,53,45,49,10,29,21,14,22,33,40,44,0,0,0,0,-13,53,31,18,31,64,0,61,55,60,47,48,55,50,42,58,42,156,63,66,77,66,14,17,16,59,42,91,42,42,43,43,44,587,587,587,587,29985,29986,29995,29996]} 1. e4 e5 2. Nf3 Nf6 3. Nxe5 d6 4. Nf3 Nxe4 5. d4 d5 6. Bd3 Nc6 7. O-O Be7 8. Nc3 Nxc3 9. bxc3 Bg4 {C42: Petroff Defence: 3 Nxe5 and unusual White 3rd moves} 10. Rb1 Rb8 11. Re1 O-O 12. h3 Bh5 {LiveBook: 23 Games} 13. Qe2 (13. Bf5 Bg6 14. Qd3 Bxf5 15. Qxf5 b5 16. Bf4 g6 17. Qd3 {0-1 (48) Quesada Perez,Y (2631)-Dominguez Perez,L (2732) Matanzas 2016}) 13... Bg6 $146 (13... Bd6 14. g4 Bg6 15. Bxg6 hxg6 16. c4 Bb4 17. cxd5 Qxd5 {1-0 (64) Meier,C (2248)-Boettcher,F (2133) LSS email 2013}) 14. Bxg6 hxg6 15. Bf4 Bd6 16. Qe3 Qd7 17. Bxd6 Qxd6 18. Qg5 b6 19. Re3 Rbe8 20. Rbe1 Rxe3 21. Rxe3 Nd8 (21... Qd8 $11) 22. h4 Ne6 23. Qg4 c5 24. Ng5 ({Better is} 24. Ne5 $14) 24... Nf4 (24... Nxg5 $11 25. hxg5 (25. Qxg5 Rc8 $11) 25... cxd4 26. Qxd4 (26. cxd4 Qc6 $11) 26... Qc6) 25. g3 Nh5 26. Qe2 a5 27. Re7 cxd4 28. cxd4 Nf6 29. Qe5 Qb4 (29... Ne4 $14) 30. Qc7 (30. Kg2 $16) 30... Ne4 $1 $14 31. Nxe4 dxe4 {[%mdl 4096] Endgame KQR-KQR} 32. d5 ({White should try} 32. Rxe4 $14 f5 33. Re6) 32... Qe1+ $11 33. Kg2 {[#] Hoping for d6.} Qd1 34. d6 $36 {[%cal Bd5d6,Bd6d7][%mdl 2080] d7 is the strong threat. White has the initiative.} g5 35. d7 {Threatens to win with Re8.} (35. Qxb6 $6 gxh4 36. gxh4 (36. Rxe4 h3+ 37. Kxh3 Qh1+ 38. Kg4 f5+ 39. Kf4 Qxe4+ 40. Kg5 Qg4#) 36... Qg4+ 37. Kf1 Qd1+ 38. Kg2 Qg4+ 39. Kf1 Qd1+ 40. Kg2 $11) (35. hxg5 $6 Qf3+ 36. Kg1 Qd1+ 37. Kh2 Qh5+ 38. Kg2 Qf3+ 39. Kg1 Qd1+ 40. Kh2 Qh5+ 41. Kg2 Qf3+ $11) 35... Qf3+ $1 36. Kg1 Qd1+ 37. Kh2 gxh4 $2 {[%mdl 8192] [#]} (37... Qf3 $1 $14) 38. Rxf7 $1 $18 {[%mdl 512]} (38. gxh4 Qf3 $16) (38. Qxb6 hxg3+ 39. Kxg3 (39. fxg3 Qxc2+ 40. Kh3 Qd1 $15) 39... Qf3+ 40. Kh4 Qh1+ 41. Kg3 Qf3+ 42. Kh4 Qh1+ 43. Kg3 Qf3+ $11) 38... hxg3+ (38... Rxf7 39. d8=Q+) 39. Kg2 ({And not} 39. Kxg3 Qg1+ 40. Kh4 Qh1+ 41. Kg3 Qg1+ 42. Kh4 Qh1+ 43. Kg3 Qg1+ $11) ({Not} 39. fxg3 Qh5+ 40. Kg2 Qxf7 $17) 39... gxf2 40. Rxf8+ Kh7 41. Qh2+ 1/2-1/2

[Event "EIWCC 2017"]
[Site "Riga"]
[Date "2017.04.19"]
[Round "8"]
[White "Girya, Olga"]
[Black "Zimina, Olga"]
[Result "1/2-1/2"]
[WhiteElo "2470"]
[BlackElo "2395"]
[Annotator "TA"]
[PlyCount "152"]
[EventDate "2017.??.??"]
[EventType "swiss"]
[EventCountry "LAT"]
[SourceTitle "playchess.com"]
[Source "ChessBase"]
[SourceQuality "1"]
[TimeControl "5400+30"]

{[%evp 10,152,38,28,33,24,61,32767,63,51,54,63,32767,66,65,60,64,71,73,66,79,51,37,34,32767,46,32767,50,74,40,70,32767,32767,8,0,15,18,-9,-16,-14,0,0,109,81,114,32767,32767,32767,32767,32767,32767,32767,32767,32767,32767,32767,-83,32767,32767,32767,32767,32767,32767,32767,32767,32767,32767,32767,32767,32767,32767,32767,32767,32767,32767,32767,-93,32767,32767,32767,32767,32767,-156,-160,-185,-160,32767,-196,-200,32767,-201,-208,-195,-243,-253,-249,-207,-271,-202,-204,-163,-171,-156,32767,-183,-175,-204,-166,-165,32767,32767,-187,-18,32767,-73,32767,32767,32767,-66,-72,32767,32767,32767,32767,32767,32767,32767,-79,-87,32767,-396,32767,-579,-524,-753,-588,-523,-636,-989,-970,-1008,-1262,-2361,-29984,-29986]} 1. e4 {[%emt 0:00:00]} c5 {[%emt 0:00:34]} 2. Nf3 {[%emt 0:00:00]} e6 {[%emt 0:00:43]} 3. d4 {[%emt 0:02:19]} cxd4 {[%emt 0:00:49]} 4. Nxd4 {[%emt 0:00:05]} a6 {[%emt 0:00:33]} 5. c4 {[%emt 0:00:18]} Nf6 {[%emt 0:01:59]} 6. Nc3 {[%emt 0:00:20]} Qc7 {[%emt 0:00:17]} 7. a3 {[%emt 0:01:01]} b6 {[%emt 0:00:56]} 8. Be3 {[%emt 0:01:09]} Bb7 {[%emt 0:00:14] B41: Sicilian: Kan Variation: 5 c4} 9. f3 {[%emt 0:11:24]} Be7 {[%emt 0:02:32]} 10. Be2 {[%emt 0:01:51]} d6 {[%emt 0:00:59]} 11. Rc1 {[%emt 0:08:36]} Nbd7 {[%emt 0:05:54]} 12. O-O {[%emt 0:02:19] LiveBook: 153 Games} O-O {[%emt 0:00:16]} 13. Qe1 $146 {[%emt 0:18:30]} (13. Kh1 Rac8 14. b4 Rfd8 15. Bg1 Qb8 16. Nb3 {1-0 (50) Ponomariov,R (2712)-Wojtaszek,R (2727) Huaian 2016}) 13... Rfe8 {[%emt 0:02:56]} 14. Qf2 {[%emt 0:01:31]} Rac8 {[%emt 0:00:19]} 15. Rfd1 {[%emt 0:04:01]} Qb8 {[%emt 0:00:29]} 16. b4 {[%emt 0:01:33]} Bd8 {[%emt 0:01:28]} 17. Kh1 {[%emt 0:19:23]} Bc7 {[%emt 0:02:11]} 18. Qg1 {[%emt 0:11:54]} Rcd8 {[%emt 0:15:35]} 19. Rd2 {[%emt 0:00:58]} d5 {[%emt 0:02:35]} 20. cxd5 {[%emt 0:01:33]} exd5 {[%emt 0:00:07]} 21. Nxd5 {[%emt 0:00:47]} ({White should play} 21. Bxa6 $16 Bxa6 22. Nc6) 21... Nxd5 {[%emt 0:09:08]} 22. exd5 {[%emt 0:00:04]} Nf6 {[%emt 0:06:14]} 23. Nc6 {[%emt 0:03:23]} Bxc6 $1 {[%emt 0:00:37]} 24. Rxc6 {[%emt 0:00:03]} Rxd5 {[%emt 0:01:44]} 25. Bc4 {[%emt 0:00:24]} Bxh2 {[%emt 0:06:33]} (25... Rxd2 $11 26. Bxd2 b5) 26. Qxh2 {[%emt 0:03:22]} Rh5 {[%emt 0:00:06]} 27. Bxf7+ {[%emt 0:00:08]} Kxf7 {[%emt 0:02:03]} 28. Rxf6+ {[%emt 0:00:04]} Kxf6 {[%emt 0:00:09]} 29. Qxh5 {[%emt 0:00:40]} Rxe3 {[%emt 0:00:12]} 30. Qh4+ {[%emt 0:01:19]} Kg6 {[%emt 0:02:30]} 31. f4 {[%emt 0:05:38]} h6 {[%emt 0:02:17]} 32. f5+ {[%emt 0:00:29]} Kh7 {[%emt 0:00:46]} 33. f6 {[%emt 0:00:39]} Qe5 {[%emt 0:00:44]} 34. Rd1 {[%emt 0:00:13]} Re4 {[%emt 0:02:53]} 35. Qh3 {[%emt 0:00:03]} Qxf6 {[%emt 0:00:28]} 36. Qd3 {[%emt 0:00:53]} Qg6 {[%emt 0:00:16]} 37. Qf3 {[%emt 0:00:49]} b5 {[%emt 0:01:24]} 38. Rd5 {[%emt 0:00:17]} Rg4 {[%emt 0:02:17]} 39. Kh2 {[%emt 0:00:33]} Rh4+ {[%emt 0:02:37]} 40. Kg1 {[%emt 0:00:03]} Rc4 {[%emt 0:00:08]} 41. Kh2 {[%emt 0:00:42]} Rc2 {[%emt 0:00:36]} 42. Kh1 {[%emt 0:00:48]} Ra2 {[%emt 0:00:40]} 43. Rc5 {[%emt 0:00:07]} Ra1+ {[%emt 0:00:30]} 44. Kh2 {[%emt 0:00:05]} Qd6+ {[%emt 0:00:09]} 45. g3 {[%emt 0:00:04]} Ra2+ {[%emt 0:03:06]} 46. Kh3 {[%emt 0:00:14]} Qe6+ {[%emt 0:01:58]} 47. g4 {[%emt 0:00:15]} Qg6 {[%emt 0:00:23]} 48. Rc6 {[%emt 0:00:58] [#]} (48. Rd5 $17) 48... Rxa3 $1 {[%emt 0:00:30]} 49. Qxa3 {[%emt 0:00:09]} Qxc6 {[%emt 0:00:08]} 50. Qd3+ {[%emt 0:01:33]} Kg8 {[%emt 0:01:07]} 51. Qd8+ {[%emt 0:01:01]} Kf7 {[%emt 0:00:15]} 52. Qd4 {[%emt 0:00:05]} Qc4 {[%emt 0:02:56]} 53. Qa7+ {[%emt 0:00:18]} Kg8 {[%emt 0:00:15]} 54. Qxa6 {[%emt 0:00:07]} Qxb4 {[%emt 0:00:37]} 55. Qe6+ {[%emt 0:00:25]} Kf8 {[%emt 0:00:42]} 56. Qc8+ {[%emt 0:01:25]} Ke7 {[%emt 0:00:20]} 57. Qc7+ {[%emt 0:00:14] [#]} Kf6 $1 {[%emt 0:01:58]} 58. Qc6+ {[%emt 0:00:28] [#]} Ke5 $1 {[%emt 0:04:59]} 59. Qc7+ {[%emt 0:00:17]} Kd5 {[%emt 0:01:32]} 60. Qf7+ {[%emt 0:00:50]} Kc5 $2 {[%emt 0:00:58]} (60... Kc6 $19 {aiming for ...Qc3+.} 61. Qxg7 Qa3+ 62. Kh4 Qd6 63. Qc3+ Kd7) 61. Qxg7 {[%emt 0:00:15]} Qf4 {[%emt 0:00:38]} 62. Qe7+ {[%emt 0:00:54]} Kc4 {[%emt 0:00:25]} 63. Qe2+ {[%emt 0:00:16] [#]} Kb4 $1 {[%emt 0:00:21]} 64. Qe1+ {[%emt 0:00:31]} Kb3 {[%emt 0:01:07]} 65. Qd1+ {[%emt 0:00:44]} Kc3 {[%emt 0:01:07]} 66. Qa1+ {[%emt 0:00:09]} Kc4 {[%emt 0:01:35]} 67. Qa2+ {[%emt 0:00:03]} Kc5 {[%emt 0:00:51]} 68. Qc2+ {[%emt 0:00:31] [#]} Kb6 $1 {[%emt 0:00:18]} 69. Qd3 {[%emt 0:00:32]} b4 {[%emt 0:00:35]} 70. Qd8+ {[%emt 0:00:20]} Kc5 {[%emt 0:00:38]} 71. Qa5+ {[%emt 0:00:44]} Kc4 {[%emt 0:00:25]} 72. Qa2+ {[%emt 0:00:02]} Kc3 {[%emt 0:00:44]} 73. Qa1+ {[%emt 0:00:06]} Kd2 {[%emt 0:00:43]} 74. Qb2+ {[%emt 0:01:00]} Kd1 {[%emt 0:00:21]} 75. Qb1+ {[%emt 0:00:21] [#]} Ke2 $1 {[%emt 0:00:13]} 76. Qa1 {[%emt 0:02:18]} Qf1+ {[%emt 0:00:23]} 1/2-1/2

[Event "EIWCC 2017"]
[Site "Riga"]
[Date "2017.04.19"]
[Round "8"]
[White "Hoang, Thanh Trang"]
[Black "Atalik, Ekaterina"]
[Result "1-0"]
[WhiteElo "2459"]
[BlackElo "2429"]
[Annotator "TA"]
[PlyCount "55"]
[EventDate "2017.??.??"]
[EventType "swiss"]
[EventCountry "LAT"]
[SourceTitle "playchess.com"]
[Source "ChessBase"]
[SourceQuality "1"]

{[%evp 4,55,11,5,54,51,37,52,50,38,55,50,78,76,73,46,63,46,57,55,64,61,66,19,19,6,6,0,16,0,16,25,35,40,30,33,38,43,46,13,26,12,13,14,17,15,14,5,23,8,12,9,23,0]} 1. Nf3 b6 2. c4 Bb7 3. Nc3 {LiveBook: 174 Games} Bxf3 {A10: English Opening: Unusual Replies for Black} (3... Nf6 4. g3 e6 5. Bg2 Bb4 6. Qc2 O-O 7. O-O c5 8. a3 Bxc3 9. Qxc3 d5 10. cxd5 Nxd5 11. Qc2 Nc6 12. b3 e5 13. Bb2 Re8 14. e3 Nf6 15. d3 Qd7 16. Rfd1 Rad8 17. Rac1 h6 18. h3 Ba8 19. Bc3 {½-½ (43) Wojtaszek,R (2749)-Ponomariov,R (2709) Tallinn 2016}) 4. exf3 c5 5. d4 cxd4 {White is slightly better.} 6. Qxd4 Nc6 7. Qd2 $146 (7. Qd3 $5 {is interesting.} e6 8. Be2 Nf6 9. O-O Rc8 10. f4) (7. Qd1 g6 8. Be3 Bg7 9. Qd2 Nf6 10. Be2 O-O 11. O-O {½-½ (72) Schrey,S (2148)-Grosse,M (1986) Austria 2013}) 7... g6 8. Be2 Bg7 9. O-O Nh6 {[%cal Bg8h6,Bh6f5,Bf5d4,Bd4e2][%mdl 32]} 10. b3 Nf5 11. Bb2 O-O 12. Bd3 Nfd4 13. Ne2 Nxe2+ 14. Bxe2 Bxb2 15. Qxb2 Qc7 16. Rfd1 Rfd8 (16... Rad8 $5 {feels hotter.} 17. Rd5 e6 18. Rd3 e5 19. Rad1 Rfe8) 17. Rd2 Qe5 18. Qxe5 Nxe5 19. f4 Nc6 20. Rad1 d6 21. h4 {[%cal Bh2h4,Bh4h5][%mdl 32]} Rdc8 22. h5 Kg7 23. g3 a5 24. a3 Nd8 25. Kg2 Rc7 26. Rd5 f5 27. Re1 Kf6 28. Bf3 1-0

[Event "EIWCC 2017"]
[Site "Riga"]
[Date "2017.04.19"]
[Round "8"]
[White "Paehtz, Elisabeth"]
[Black "Nechaeva, Marina"]
[Result "1/2-1/2"]
[WhiteElo "2454"]
[BlackElo "2395"]
[Annotator "TA"]
[PlyCount "61"]
[EventDate "2017.??.??"]
[EventType "swiss"]
[EventCountry "LAT"]
[SourceTitle "playchess.com"]
[Source "ChessBase"]
[SourceQuality "1"]

{[%evp 16,61,22,8,20,11,12,12,14,8,14,17,89,89,81,84,125,125,129,129,133,96,136,126,189,193,188,183,258,246,255,214,339,332,499,502,493,475,996,820,1475,1471,1453,1429,29985,29985,6133,4925]} 1. Nf3 Nf6 2. c4 e6 {[%cal Be7e6,Be6d5,Bd5d4][%mdl 32]} 3. b3 d5 4. Bb2 c5 5. cxd5 exd5 6. g3 Nc6 7. Bg2 d4 8. O-O Be7 9. e3 O-O {A13: English Opening: 1...e6} (9... d3 10. Na3 O-O 11. Nc4 Be6 12. Nfe5 Nxe5 13. Nxe5 Bd5 14. f3 b5 15. Nxd3 Qb6 16. Nf2 Rfd8 17. Qe2 {½-½ (29) Rakhmanov,A (2653)-Zhigalko,S (2653) Izmir 2016}) 10. Na3 {[%cal Bb1a3,Ba3c4,Bc4e5][%mdl 32]} Bf5 11. Nc4 Re8 $146 {The position is equal.} (11... Rc8 12. Nfe5 Nxe5 13. Nxe5 dxe3 14. dxe3 {0-1 (65) Kovar,J (2112)-Vlasak,L (2395) Prague 2016}) 12. exd4 cxd4 13. Re1 d3 (13... Rc8 $11) 14. Nfe5 $16 Nxe5 15. Nxe5 Rc8 16. Qf3 Be6 17. Qxb7 Bc5 18. Rac1 Qd6 19. Qb5 {aiming for Bc6.} Bb4 (19... Bb6 $16 {keeps fighting.}) 20. Rxc8 $18 (20. Qxd3 Qxd3 21. Nxd3 Bxd2 $16) (20. Nxd3 Bxd2 21. Rxc8 Rxc8 $11) 20... Rxc8 {[#]} 21. Nc6 $1 $36 {[%cal Rc6b4][%mdl 2048] Keeping Black busy.} ({Not} 21. Nxd3 Bxd2 22. Bb7 Rd8 $11) ({Resist} 21. Qxd3 $6 Qxd3 22. Nxd3 Bxd2 $16) 21... Ba3 (21... a5 $142) 22. Bxa3 Qxa3 23. Qxd3 Kf8 (23... g6 {was necessary.} 24. h3 Kg7) 24. Qd4 a5 (24... Re8 $142 25. Nxa7 Bd7) 25. b4 {[%cal Bb3b4,Bb4a5,Ba5a6,Ba6a7][%mdl 32]} Re8 26. bxa5 ({Less strong is} 26. Nxa5 Bd7 27. Ra1 Kg8 $18) 26... Qxa2 (26... Kg8 $142 27. Bf1 Qf3) 27. Ra1 Qc2 28. a6 Bd7 29. a7 Bxc6 30. Qd6+ Kg8 31. Qxc6 1/2-1/2

[Event "EIWCC 2017"]
[Site "Riga"]
[Date "2017.04.19"]
[Round "8"]
[White "Bodnaruk, Anastasia"]
[Black "Warakomska, Anna"]
[Result "1-0"]
[WhiteElo "2446"]
[BlackElo "2343"]
[Annotator "TA"]
[PlyCount "81"]
[EventDate "2017.??.??"]
[EventType "swiss"]
[EventCountry "LAT"]
[SourceTitle "playchess.com"]
[Source "ChessBase"]
[SourceQuality "1"]

{[%evp 30,81,22,27,35,15,11,10,21,23,62,15,57,55,66,45,52,37,94,60,72,77,94,93,183,176,197,165,381,365,555,564,532,323,468,465,491,492,482,480,495,477,777,763,1424,1388,2468,2465,2249,2085,29988,29989,29994,29995]} 1. e4 e5 2. Nf3 Nc6 3. Bb5 {[%cal Bf1b5,Bb5a4,Ba4b3][%mdl 32]} a6 4. Ba4 Nf6 5. O-O Be7 6. Re1 b5 7. Bb3 d6 8. c3 O-O 9. h3 Bb7 10. d4 Re8 11. Nbd2 exd4 {C92: Closed Ruy Lopez: 9...Be6, Karpov and Flohr-Zaitsev Variations} 12. cxd4 Nd7 13. Nf1 Na5 14. Bc2 Bf6 15. Rb1 c5 16. d5 {LiveBook: 23 Games} Nc4 17. Ng3 g6 18. b3 Nce5 19. Nh2 {f4 is the strong threat.} Bh4 $146 20. Nhf1 {next f4 is good for White.} Nf8 21. f4 Ned7 22. Bb2 Bf6 23. Bxf6 Qxf6 (23... Nxf6 $14 24. Bd3 h5) 24. Qd2 $36 {[%mdl 2048] White has the initiative.} h5 25. Nh2 a5 26. Nf3 h4 (26... b4 $16 {is a better defense.}) 27. Nf1 $18 {[%cal Bg3f1,Bf1h2,Bh2g4][%mdl 32]} b4 28. N1h2 Nb6 $2 {[#]} (28... Qh8 {was necessary.} 29. Ng4 Nf6) 29. Ng4 Qh8 (29... Qg7 {might work better.} 30. f5 (30. Nxh4 Nfd7 31. f5 Ne5 32. Nxe5 Rxe5 $18) 30... Nfd7 31. fxg6 fxg6) 30. f5 Nbd7 31. Rf1 Ba6 (31... Nf6 {was called for.} 32. fxg6 fxg6 33. Nxf6+ Qxf6) 32. Rf2 Nf6 33. fxg6 fxg6 34. Nfe5 {[%cal Bf3e5,Be5g4,Bg4f6][%mdl 32]} Nxg4 35. Nxg4 Re7 {[#]} (35... Qg7 $142 36. Nf6+ Kh8 37. Nxe8 Rxe8) 36. e5 $1 {[%mdl 512]} dxe5 37. d6 Rb7 38. Qd5+ Kh7 39. Nf6+ Kh6 40. Qxe5 Qg7 41. Rf4 1-0